LEADER 01306nam a2200277 4500 001 000000343417 003 CaOOAMICUS 005 20201222110913.0 008 201215s2019 it 000 u ita r 020 $a978-88-514-2183-0 040 $aSeMil$bita 100 1 $aBeretta, Ilaria.$0(OLS)http://semarc/name/94946 245 10$aQuello che le donne non dicono alla Chiesa :$bstorie vere di una relazione complicata /$cIlaria Beretta. 264 1$aMilano :$bÀncora,$c2019. 300 $a157 p. ;$c21 cm 541 0 $aOmaggio mons. Mario Delpini (1R II 34) 650 4$aDonna - Dignità.$0(OLS)http://semarc/subject/32644 650 4$aDonne - Chiesa.$0(OLS)http://semarc/subject/18547 850 $aSeMil 852 $aSeMil$W1$xVenegono$y1$m2D IV 376$j238856$B234404$CSeMilBibl$Z2$F234404 $81 941 1 $a7 961 $aOmaggio mons. Mario Delpini. -- Con dedica autografa collettiva (a nome delle donne di "Noi siamo il cambiamento") a mons. Mario Delpini (28 febbraio 2020) 996 $6020$a978-88-514-2183-0$9(OLS)http://semarc/number/291878 996 $6245$aQuello che le donne non dicono alla Chiesa :$bstorie vere di una relazione complicata$9(OLS)http://semarc/title/432379 996 $6264$aMilano :$bÀncora$9(OLS)http://semarc/publisher/29763 LEADER 00927nam a2200217 i 4500 001 000000049899 003 CaOOAMICUS 005 20120524000000.0 008 120524s1997 it u000 u ita u 013 $a21070 040 $aSeMil$bita 100 1 $aTettamanzi, Dionigi,$c.$0(OLS)http://semarc/name/89456 245 10$aConversione e Riconciliazione :$bper una lettura dell'Ordo Paenitentiae /$cDionigi Tettamanzi. 260 $aMilano :$bÀncora,$c1997. 300 $a270 p. ;$c21 cm. 500 $aContiene : Bibliografia. 650 4$aPenitenza - Pastorale.$0(OLS)http://semarc/subject/6279 850 $aSeMil 852 $aSeMil$W1$xVenegono$y1$m2E III 157$j16054$B16054$CSeMilBibl$Z2$F16054 $81 996 $6245$aConversione e Riconciliazione :$bper una lettura dell'Ordo Paenitentiae$9(OLS)http://semarc/title/76067 996 $6260$aMilano :$bÀncora$9(OLS)http://semarc/publisher/29763